|
|
|
|
| LEADER |
00000nam a2200000Ia 4500 |
| 008 |
170316b2011 cr abd|| |||| 00| | spa d |
| 999 |
|
|
|c 634
|d 634
|
| 020 |
|
|
|a 9789968794589
|
| 090 |
|
|
|a 05.03.01
|b 1468
|
| 110 |
2 |
|
|a Programa de las Naciones Unidas para el Desarrollo
|9 262
|
| 245 |
1 |
0 |
|a Atlas del desarrollo humano cantonal de Costa Rica 2011 /
|c PNUD
|
| 260 |
|
|
|a San José, Costa Rica :
|b PNUD,
|c 2011
|
| 300 |
|
|
|a 111 páginas;
|b Ilustraciones.
|
| 650 |
1 |
4 |
|a DESARROLLO HUMANO
|9 77
|
| 650 |
1 |
4 |
|a ESTADÍSTICA
|9 549
|
| 650 |
1 |
4 |
|a INFORMES
|9 267
|
| 650 |
1 |
4 |
|a CONDICIONES DE VIDA
|9 786
|
| 650 |
1 |
4 |
|a DESARROLLO ECONÓMICO Y SOCIAL
|9 445
|
| 942 |
|
|
|i 002517
|h 05.03.01 1468
|2 z
|c 01
|